<?xml version="1.0" encoding="UTF-8"?>
<collection xmlns:xsi="http://www.w3.org/2001/XMLSchema-instance" xsi:schemaLocation="http://www.loc.gov/MARC21/slim http://www.loc.gov/standards/marcxml/schema/MARC21slim.xsd" xmlns="http://www.loc.gov/MARC21/slim">
 <record>
  <leader>000000000a22000000004500</leader>
  <controlfield tag="001">37249</controlfield>
  <controlfield tag="003">OSt</controlfield>
  <controlfield tag="005">20250425110805.0</controlfield>
  <controlfield tag="008">160427s        po ||||| |||| 00| 0 por d</controlfield>
  <datafield tag="041" ind1=" " ind2=" ">
   <subfield code="a">Portugués</subfield>
  </datafield>
  <datafield tag="561" ind1=" " ind2=" ">
   <subfield code="5">pt-MJD</subfield>
   <subfield code="a">Portugal. Museu João de Deus</subfield>
   <subfield code="k">MANES</subfield>
  </datafield>
  <datafield tag="691" ind1=" " ind2=" ">
   <subfield code="a">PRI</subfield>
   <subfield code="a">SE</subfield>
  </datafield>
  <datafield tag="100" ind1="1" ind2=" ">
   <subfield code="a">Manuel Joaquim Sousa Ventura</subfield>
   <subfield code="9">19230</subfield>
  </datafield>
  <datafield tag="245" ind1="0" ind2="0">
   <subfield code="a">A matemática não é difícil</subfield>
  </datafield>
  <datafield tag="260" ind1="3" ind2=" ">
   <subfield code="a">Lisboa</subfield>
   <subfield code="b">Direcção-Geral do Ensino Primário</subfield>
   <subfield code="c">1962</subfield>
  </datafield>
  <datafield tag="300" ind1=" " ind2=" ">
   <subfield code="c">16 cm</subfield>
  </datafield>
  <datafield tag="440" ind1=" " ind2=" ">
   <subfield code="a">Plano de educação popular</subfield>
   <subfield code="9">19231</subfield>
  </datafield>
  <datafield tag="500" ind1=" " ind2=" ">
   <subfield code="a">2 v.</subfield>
   <subfield code="a">Registro Topográfico: 7404</subfield>
  </datafield>
  <datafield tag="690" ind1=" " ind2=" ">
   <subfield code="a">MATE</subfield>
  </datafield>
  <datafield tag="942" ind1=" " ind2=" ">
   <subfield code="2">ddc</subfield>
   <subfield code="c">BK</subfield>
  </datafield>
  <datafield tag="546" ind1=" " ind2=" ">
   <subfield code="a">Portugal</subfield>
  </datafield>
  <datafield tag="999" ind1=" " ind2=" ">
   <subfield code="c">40708</subfield>
   <subfield code="d">40708</subfield>
  </datafield>
  <datafield tag="999" ind1=" " ind2=" ">
   <subfield code="c">manes:40708</subfield>
   <subfield code="d">40708</subfield>
  </datafield>
 </record>
</collection>
